000
00304nam a22001337a 4500
003
SGT
020
_a
9788120332829
082
_a
341.23
_b
BAN
100
_a
BANERJEE AJIT M
245
_a
REINVENTING THE UNITED NATIONS
260
_a
LUCKNOW
_b
EASTERN BOOK COMPANY
_c
2007
300
_a
388
942
_2
ddc
_c
BK
999
_c
33349
_d
33349